Statistics for Names for Relatives

Click here to take the quiz!

General Stats

  • This quiz has been taken 54 times
  • The average score is 15 of 15

Answer Stats

DescriptionName% Correct
Parent's female siblingAunt
100%
Male siblingBrother
100%
Male parentFather
100%
Parent's male parentGrandfather
100%
Parent's female parentGrandmother
100%
Female parentMother
100%
Female siblingSister
100%
Your female childDaughter
98%
Sibling's female childNiece
98%
Your male childSon
98%
Parent's male siblingUncle
98%
Parent's sibling's childCousin
96%
Sibling's male childNephew
96%
Your child's female childGranddaughter
94%
Your child's male childGrandson
94%

Score Distribution

Percentile by Number Answered

Percent of People with Each Score

Your Score History

You have not taken this quiz